Các quy định mới nhất về xử phạt vi phạm pháp luật trong lĩnh vực bảo vệ môi truờng
Giới thiệu các văn bản, thông tin về xử lý, xử phạt vi phạm pháp luật về bảo vệ môi trường như Bộ luật hình sự năm 1999 được sửa đổi, bổ sung năm 2009, nghị định ngày 31/12/2009 Chính phủ...
Uloženo v:
| Médium: | Kniha |
|---|---|
| Jazyk: | Undetermined |
| Vydáno: |
Hà Nội
Hồng Đức
2010
|
| Témata: | |
| Tagy: |
Přidat tag
Žádné tagy, Buďte první, kdo otaguje tento záznam!
|
| Thư viện lưu trữ: | Trung tâm Học liệu Trường Đại học Cần Thơ |
|---|
| LEADER | 00955nam a2200205Ia 4500 | ||
|---|---|---|---|
| 001 | CTU_158497 | ||
| 008 | 210402s9999 xx 000 0 und d | ||
| 020 | |c 28000 | ||
| 082 | |a 344.59704 | ||
| 082 | |b C101 | ||
| 245 | 0 | |a Các quy định mới nhất về xử phạt vi phạm pháp luật trong lĩnh vực bảo vệ môi truờng | |
| 245 | 0 | |c Hoàng Anh sưu tầm và tuyển chọn | |
| 260 | |a Hà Nội | ||
| 260 | |b Hồng Đức | ||
| 260 | |c 2010 | ||
| 520 | |a Giới thiệu các văn bản, thông tin về xử lý, xử phạt vi phạm pháp luật về bảo vệ môi trường như Bộ luật hình sự năm 1999 được sửa đổi, bổ sung năm 2009, nghị định ngày 31/12/2009 Chính phủ... | ||
| 650 | |a Environmental law | ||
| 650 | |z Vietnam | ||
| 904 | |i Bạch Trúc | ||
| 980 | |a Trung tâm Học liệu Trường Đại học Cần Thơ | ||